[Event "XXXVIII Benasque Open 2018"]
[Site "Benasque"]
[Date "2018.07.11"]
[Round "7"]
[White "Alvarado Diaz, Alejandro"]
[Black "Forcen Esteban, Daniel"]
[Result "1-0"]
[WhiteElo "2402"]
[BlackElo "2567"]
[Annotator "TA"]
[PlyCount "55"]
[EventDate "2018.07.05"]
[EventType "swiss"]
[EventCountry "ESP"]
[SourceTitle "playchess.com"]
[Source "ChessBase"]
[SourceQuality "1"]

{[%evp 14,55,8,-29,35,34,46,-18,18,18,59,40,45,53,59,45,96,112,127,129,115,87,262,200,564,573,669,669,647,633,649,624,1525,1506,1462,715,779,780,750,722,950,933,29983,29984]} 1. g3 e5 2. Bg2 f5 3. d4 e4 4. Nh3 $146 ({Predecessor:} 4. c4 Nf6 5. Nc3 Bb4 6. Qb3 Bxc3+ 7. bxc3 O-O 8. Ba3 Re8 9. h4 e3 10. fxe3 Rxe3 11. c5+ Kh8 12. Nf3 Qe8 13. Ne5 {0-1 (30) Kauppala,P (2510)-Svenn,M (2505) ICCF corr 2002}) 4... d5 5. O-O c6 6. f3 {A00: Irregular Openings} Be7 7. c3 Nf6 8. Bg5 {LiveBook: 4 Games. The position is equal.} Nh5 (8... Na6 $11) 9. Bxe7 $14 Qxe7 10. fxe4 (10. c4 $14) 10... fxe4 11. c4 dxc4 12. Qc2 Na6 13. Nd2 $36 {[%mdl 2048] White is more active.} Nf6 14. Ng5 Nb4 ({Black should play} 14... Be6 $1 $14) 15. Qxc4 $16 e3 16. Nde4 Nxe4 17. Bxe4 {[#] aiming for d5.} Bd7 $2 (17... Qxg5 $16 18. Qxb4 Qe7 19. Qxe7+ Kxe7) 18. a3 Qxg5 $2 (18... Nd5 {is tougher.}) 19. axb4 $18 ({Weaker is} 19. Qxb4 Qb5 $18) 19... h5 20. Ra5 Qh6 21. Qf7+ Kd8 22. d5 {Black must now prevent dxc6.} Re8 23. dxc6 bxc6 24. Bf5 (24. Bg6 $142 Qh8 25. Rxh5) 24... Qd6 25. Bxd7 Qxd7 26. Qxh5 Kc7 27. b5 {[%cal Bb4b5,Bb5b6][%mdl 32]} Qd5 {[#]} 28. b6+ $1 {[%mdl 512] Precision: White = 55%, Black = 29%.} 1-0